| 000 | 00647nam a2200181Ia 4500 | ||
|---|---|---|---|
| 008 | 240428s9999||||xx |||||||||||||| ||und|| | ||
| 020 | _a9780415615716 | ||
| 041 | _aeng | ||
| 082 | _a328.345P | ||
| 100 | _aPelizzo, Riccardo - Stapenhurst, Frederick | ||
| 245 | 0 | _aParliamentary oversight tools : a comparable analysis | |
| 250 | _a( Routledge Research in Comparative Politics ) | ||
| 260 |
_bRoutledge _aNew York : _c2012 |
||
| 300 | _axi,181p.:tabs., | ||
| 650 | _aLegislature Oversight - Executive- Legislative Relation - Government Accountability - Political Corruption- Prevention - Comparactive government | ||
| 942 | _cBK | ||
| 999 |
_c398 _d398 |
||